00401nam a2200157Ia 45000010006000000050017000060080041000230410008000640820013000721000021000852450079001062600009001853000033001946500008002276540008002351419420260306164856.0260306t2017||||xx |||||||||||||| ||spa|| aESP a510bT19 aTan, Soo T.eAUT 0aMatemáticas aplicadas a los negocios, las ciencias sociales y de la vida c2017 axix, 721 páginas :c27 cm. aGEN aCMA